Normal view
MARC view
- Niyogi, Pradip
Entry Personal Name
001 - CONTROL NUMBER
- control field: 21652
003 - CONTROL NUMBER IDENTIFIER
- control field: NUST
005 - DATE AND TIME OF LATEST TRANSACTION
- control field: 20190926143443.0
008 - FIXED-LENGTH DATA ELEMENTS
- fixed length control field: 190926|| aca||aabn | a|a d
040 ## - CATALOGING SOURCE
- Original cataloging agency: NUST
- Transcribing agency: NUST
100 ## - HEADING--PERSONAL NAME
- Personal name: Niyogi, Pradip
670 ## - SOURCE DATA FOUND
- Source citation: Work cat.: (NUST): Niyogi, Pradip, Numerical Analysis and Algorithms /, 2003.
